Life line, Intermediate: Student’s book

Zapisane w:
Opis bibliograficzny
Format: Książka
Etykiety: Dodaj etykietę
Nie ma etykietki, Dołącz pierwszą etykiete!
Thư viện lưu trữ: Mạng thư viện Đại học Đà Nẵng
LEADER 00456nam a22001691a 4500
001 000037509
003 13804
005 20160412020353.0
008 160412s0 000
082 |a 4A(07)769 
245 |a Life line, Intermediate: Student’s book  |c Life line, Intermediate: Student’s book 
OWN |a LNN 
999 |a From the UDN01 
TYP |a Monograph 
980 |a Mạng thư viện Đại học Đà Nẵng